[Event "106th British-ch 2019"]
[Site "Torquay"]
[Date "2019.07.28"]
[Round "2.17"]
[White "Gordon, Stephen J"]
[Black "Starley, Robert"]
[Result "1-0"]
[WhiteElo "2516"]
[BlackElo "2058"]
[Annotator "ChessBase"]
[PlyCount "111"]
[EventDate "2019.07.27"]
[EventType "swiss"]
[EventCountry "GBR"]
[SourceTitle "playchess.com"]
[Source "ChessBase"]
[SourceQuality "1"]
[TimeControl "40/5400+30:1800+30"]

1. c4 {[%emt 0:05:43]} Nf6 {[%emt 0:00:00]} 2. Nc3 {[%emt 0:00:34]} c5 {[%emt 0:00:07]} 3. g3 {[%emt 0:00:41]} Nc6 {[%emt 0:00:39]} 4. Bg2 {[%emt 0:00:15]} g6 {[%emt 0:00:34]} 5. e3 {[%emt 0:01:36]} Bg7 {[%emt 0:01:01]} 6. Nge2 {[%emt 0:00:08]} d6 {[%emt 0:01:25]} 7. d4 {[%emt 0:01:44]} cxd4 {[%emt 0:01:20]} 8. exd4 {[%emt 0:00:13]} Bd7 {[%emt 0:01:58]} 9. h3 {[%emt 0:08:45]} Qc8 {[%emt 0:02:20]} 10. g4 {[%emt 0:04:00]} h6 {[%emt 0:05:05]} 11. Be3 {[%emt 0:00:40]} a5 {[%emt 0:02:40]} 12. Na4 {[%emt 0:02:57]} Qc7 {[%emt 0:03:14]} 13. Nec3 {[%emt 0:03:02]} O-O {[%emt 0:06:57]} 14. Rc1 {[%emt 0:08:07]} Ra6 {[%emt 0:06:11]} 15. Nb5 {[%emt 0:04:33]} Qd8 {[%emt 0:01:29]} 16. b3 {[%emt 0:04:51]} Re8 {[%emt 0:03:17]} 17. O-O {[%emt 0:01:29]} Qb8 {[%emt 0:01:44]} 18. d5 {[%emt 0:01:58]} Nd8 {[%emt 0:02:50]} 19. Qd2 {[%emt 0:04:49]} Kh7 {[%emt 0:00:47]} 20. Nb6 {[%emt 0:02:52]} Bc8 {[%emt 0:03:07]} 21. c5 {[%emt 0:02:42]} dxc5 {[%emt 0:00:50]} 22. Bf4 {[%emt 0:01:06]} Rxb6 {[%emt 0:02:56]} 23. Bxb8 {[%emt 0:00:15]} Rxb5 {[%emt 0:00:11]} 24. Rfe1 {[%emt 0:01:37]} b6 {[%emt 0:01:47]} 25. Be5 {[%emt 0:02:21]} Bb7 {[%emt 0:04:13]} 26. d6 {[%emt 0:00:31]} Bxg2 {[%emt 0:02:42]} 27. dxe7 {[%emt 0:00:59]} Rxe7 {[%emt 0:04:38]} 28. Kxg2 {[%emt 0:03:00]} Ne6 {[%emt 0:04:55]} 29. Qd6 {[%emt 0:02:52]} Ra7 {[%emt 0:02:58]} 30. Rc4 {[%emt 0:05:51]} Rb4 {[%emt 0:03:11]} 31. Qc6 {[%emt 0:06:06]} Nd7 {[%emt 0:05:18]} 32. Bxg7 {[%emt 0:00:51]} Kxg7 {[%emt 0:00:09]} 33. Rxe6 {[%emt 0:00:43]} fxe6 {[%emt 0:00:33]} 34. Qxe6 {[%emt 0:00:06]} Nf6 {[%emt 0:02:57]} 35. Rxb4 {[%emt 0:00:16]} axb4 {[%emt 0:00:15]} 36. Qxb6 {[%emt 0:00:03]} Rxa2 {[%emt 0:00:40]} 37. Qc7+ {[%emt 0:00:50]} Kg8 {[%emt 0:00:42]} 38. Qe7 {[%emt 0:01:13]} Nh7 {[%emt 0:03:09]} 39. Qxc5 {[%emt 0:00:05]} Nf8 {[%emt 0:01:30]} 40. Qxb4 {[%emt 0:00:22]} Kf7 {[%emt 0:00:41]} 41. Qf4+ {[%emt 0:30:36]} Kg7 {[%emt 0:30:16]} 42. b4 {[%emt 0:01:08]} Ra4 {[%emt 0:01:06]} 43. Qc7+ {[%emt 0:02:53]} Kg8 {[%emt 0:00:31]} 44. Qd6 {[%emt 0:00:52]} Ra7 {[%emt 0:01:11]} 45. b5 {[%emt 0:00:16]} Rd7 {[%emt 0:00:32]} 46. Qc6 {[%emt 0:00:16]} Rg7 {[%emt 0:00:57]} 47. b6 {[%emt 0:00:19]} Nd7 {[%emt 0:00:19]} 48. b7 {[%emt 0:00:20]} Kh7 {[%emt 0:00:18]} 49. f4 {[%emt 0:01:02]} Nb8 {[%emt 0:00:28]} 50. Qc8 {[%emt 0:00:06]} Rg8 {[%emt 0:00:15]} 51. Qc7+ {[%emt 0:00:02]} Kh8 {[%emt 0:00:09]} 52. Kf3 {[%emt 0:00:01]} Re8 {[%emt 0:00:48]} 53. f5 {[%emt 0:00:16]} gxf5 {[%emt 0:00:35]} 54. gxf5 {[%emt 0:00:02]} Kg8 {[%emt 0:00:28]} 55. f6 {[%emt 0:00:11]} Rf8 {[%emt 0:00:28]} 56. Qg7# {[%emt 0:00:06]} 1-0

[Event "106th British-ch 2019"]
[Site "Torquay"]
[Date "2019.07.28"]
[Round "2.18"]
[White "Wadsworth, Matthew J"]
[Black "Ledger, Dave J"]
[Result "1-0"]
[WhiteElo "2418"]
[BlackElo "2168"]
[Annotator "NA"]
[PlyCount "63"]
[EventDate "2019.07.27"]
[EventType "swiss"]
[EventCountry "GBR"]
[SourceTitle "playchess.com"]
[Source "ChessBase"]
[SourceQuality "1"]
[TimeControl "40/5400+30:1800+30"]

1. g3 {[%emt 0:00:00]} e5 {[%emt 0:00:00]} 2. c4 {[%emt 0:00:00]} Nf6 {[%emt 0:00:38]} 3. Bg2 {[%emt 0:00:08]} c6 {[%emt 0:01:15]} 4. d4 {[%emt 0:00:12]} e4 {[%emt 0:00:52]} 5. Nc3 {[%emt 0:04:36]} d5 {[%emt 0:00:37]} 6. cxd5 {[%emt 0:00:15]} cxd5 {[%emt 0:00:06]} 7. Bg5 {[%emt 0:00:24]} Nbd7 {[%emt 0:01:52]} 8. Qb3 {[%emt 0:06:11]} Bd6 {[%emt 0:03:38]} 9. Nb5 {[%emt 0:07:10]} Bb8 {[%emt 0:04:42]} 10. Qb4 {[%emt 0:11:10]} a5 {[%emt 0:21:01]} 11. Qa3 {[%emt 0:13:11]} Nb6 {[%emt 0:13:43]} 12. Rc1 {[%emt 0:03:50]} Nc4 {[%emt 0:02:54]} 13. Rxc4 {[%emt 0:05:14]} dxc4 {[%emt 0:00:18]} 14. Bxe4 {[%emt 0:00:16]} Qb6 {[%emt 0:05:43]} 15. Bxf6 {[%emt 0:03:46]} gxf6 {[%emt 0:06:14]} 16. Qe3 {[%emt 0:02:37]} Kd8 {[%emt 0:04:06]} 17. a4 {[%emt 0:00:56]} Re8 {[%emt 0:02:20]} 18. Qf3 {[%emt 0:03:39]} Bc7 {[%emt 0:04:51]} 19. e3 {[%emt 0:03:49]} Bd7 {[%emt 0:00:22]} 20. Ne2 {[%emt 0:00:12]} Bxb5 {[%emt 0:01:28]} 21. axb5 {[%emt 0:00:05]} Qxb5 {[%emt 0:02:43]} 22. Bxb7 {[%emt 0:04:53]} Rb8 {[%emt 0:09:55]} 23. Bc6 {[%emt 0:01:13]} Qb4+ {[%emt 0:00:29]} 24. Nc3 {[%emt 0:02:09]} Re6 {[%emt 0:00:19]} 25. O-O {[%emt 0:01:04]} Qxb2 {[%emt 0:04:50]} 26. Na4 {[%emt 0:01:54]} Qa3 {[%emt 0:02:09]} 27. Nc5 {[%emt 0:00:11]} Rd6 {[%emt 0:00:22]} 28. Qe4 {[%emt 0:00:23]} Re6 {[%emt 0:00:44]} 29. Qd5+ {[%emt 0:00:37]} Rd6 {[%emt 0:00:28]} 30. Qxf7 {[%emt 0:00:10]} Bb6 {[%emt 0:00:28]} 31. Qe8+ {[%emt 0:00:12]} Kc7 {[%emt 0:00:03]} 32. Na6# {[%emt 0:00:05]} 1-0

[Event "106th British-ch 2019"]
[Site "Torquay"]
[Date "2019.07.28"]
[Round "2.19"]
[White "Hand, Freddie"]
[Black "Taylor, Adam C"]
[Result "1/2-1/2"]
[WhiteElo "2142"]
[BlackElo "2402"]
[Annotator "TA"]
[PlyCount "138"]
[EventDate "2019.07.27"]
[EventType "swiss"]
[EventCountry "GBR"]
[SourceTitle "playchess.com"]
[Source "ChessBase"]
[SourceQuality "1"]

{[%evp 21,138,6,16,0,0,0,16,0,13,17,73,76,73,16,16,10,11,11,13,9,8,12,11,18,42,41,43,39,88,2,34,34,80,2,16,17,44,20,28,29,31,28,36,26,31,0,0,0,0,0,0,0,26,25,33,34,44,8,8,8,8,8,8,8,8,8,606,502,6093,6087,6086,6079,6079,6079,5663,5609,5533,5477,5435,5435,854,643,622,0,585,0,548,502,429,310,651,650,636,622,621,621,527,522,491,484,433,425,386,0,0,0,0,0,0,0,0,0,0,0,0,0,0,0,0]} 1. d4 Nf6 2. c4 e6 3. Nc3 Bb4 4. f3 d5 5. a3 Bxc3+ 6. bxc3 c5 7. cxd5 Nxd5 8. dxc5 Qa5 9. e4 Nf6 10. Be3 O-O 11. Qb3 Nfd7 12. Bb5 {E25: Nimzo-Indian: Sämisch: 5...c5 6 f3 d5 7 cxd5} (12. a4 Qc7 13. Qa3 b6 14. a5 bxc5 15. a6 c4 16. Qa5 Qxa5 17. Rxa5 Nc6 18. Ra2 Nde5 19. f4 Ng4 20. Bc1 Rb8 21. Nh3 {½-½ (32) Wang,H (2743)-Radjabov,T (2745) Stavanger 2013}) 12... Na6 13. a4 $146 ({Predecessor:} 13. Bxa6 Qxa6 14. a4 Ne5 15. Qb5 Qxb5 16. axb5 Bd7 17. c6 bxc6 18. bxc6 Bxc6 19. Ne2 a5 {1-0 (63) Cebalo,M (2500)-Iordachescu,V (2623) Bratto 2010}) 13... Naxc5 14. Qa3 a6 15. Be2 f5 (15... b6 $11) 16. exf5 $16 exf5 17. Bc4+ (17. Nh3 $16) 17... Kh8 $11 18. Ne2 Re8 19. Bd4 Ne5 20. Qxc5 Qxc5 21. Bxc5 Nxc4 22. Kf2 b6 23. Bd4 Bd7 24. Nf4 Bc6 {[#]} 25. Rhe1 (25. Nh5 $1 $16 {[%cal Rh5g7]} Re7 26. Rhb1) 25... Kg8 26. Nh5 Rad8 27. Bxg7 ({Better is} 27. Nxg7 $16 Rxe1 28. Rxe1) 27... Rxe1 28. Rxe1 Be8 29. Rxe8+ Rxe8 30. Nf6+ {[%mdl 64] [#] Double Attack} Kxg7 31. Nxe8+ {[%mdl 4096] Endgame KN-KN} Kf7 32. Nc7 a5 33. Nd5 Ke6 34. Nf4+ Kd6 35. Nd3 Kd5 36. Ke2 h6 37. h4 Nd6 38. Nb2 f4 $1 39. Nd3 Kc4 40. Nxf4 b5 $1 41. axb5 Nxb5 42. Kd2 Nxc3 43. g4 {Threatens to win with g5.} a4 $2 {[%mdl 8192]} (43... Nb5 $11) 44. g5 $18 a3 (44... hxg5 $142 45. hxg5 a3) 45. g6 a2 46. g7 Nb1+ 47. Kc2 a1=Q 48. g8=Q+ Kb5 49. Qe8+ Kb6 50. Qb8+ Kc6 51. Qc8+ Kb6 52. Qb8+ Kc6 53. Qc8+ Kb6 $1 54. Nd5+ Kb5 55. Nc7+ Kc6 $2 (55... Kb6 56. Nd5+ Kb5) 56. Na6+ Kd6 57. Qd8+ Kc6 58. Qc7+ Kb5 59. Qb7+ Ka5 60. Qxb1 Qa4+ 61. Qb3 Qxh4 62. Nb8 $2 (62. Qa3+ $18 Kb6 63. Qd6+ Ka7 64. f4) 62... Qf2+ $11 {The position is equal.} 63. Kc1 Qe1+ 64. Kb2 {Black must now prevent Qd5+.} Qe2+ 65. Ka1 {And now Nc6+ would win.} Qe5+ 66. Kb1 {Intending Nc6+ and mate.} Qe1+ 67. Ka2 {Hoping for Qd5+.} Qe2+ 68. Ka1 {Nc6+ is the strong threat.} Qe5+ 69. Kb1 {White wants to mate with Nc6+.} Qe1+ {Accuracy: White = 65%, Black = 53%.} 1/2-1/2

[Event "106th British-ch 2019"]
[Site "Torquay"]
[Date "2019.07.28"]
[Round "2.20"]
[White "Zapolskis, Antanas"]
[Black "Holland, Chris Kd"]
[Result "1-0"]
[WhiteElo "2290"]
[BlackElo "2143"]
[Annotator "NA"]
[PlyCount "117"]
[EventDate "2019.07.27"]
[EventType "swiss"]
[EventCountry "GBR"]
[SourceTitle "playchess.com"]
[Source "ChessBase"]
[SourceQuality "1"]
[TimeControl "40/5400+30:1800+30"]

1. e4 {[%emt 0:00:00]} e6 {[%emt 0:00:23]} 2. d4 {[%emt 0:00:00]} d5 {[%emt 0:00:05]} 3. Nd2 {[%emt 0:00:00]} a6 {[%emt 0:01:18]} 4. Ngf3 {[%emt 0:03:31]} c5 {[%emt 0:02:14]} 5. exd5 {[%emt 0:06:17]} exd5 {[%emt 0:02:01]} 6. dxc5 {[%emt 0:00:37]} Bxc5 {[%emt 0:00:12]} 7. Nb3 {[%emt 0:00:52]} Ba7 {[%emt 0:23:50]} 8. Bg5 {[%emt 0:04:24]} Ne7 {[%emt 0:02:14]} 9. Qe2 {[%emt 0:06:06]} Nbc6 {[%emt 0:04:55]} 10. O-O-O {[%emt 0:00:55]} O-O {[%emt 0:11:25]} 11. Be3 {[%emt 0:02:26]} Qc7 {[%emt 0:20:23]} 12. Bxa7 {[%emt 0:01:41]} Nxa7 {[%emt 0:00:24]} 13. Qe5 {[%emt 0:01:00]} Qxe5 {[%emt 0:01:28]} 14. Nxe5 {[%emt 0:00:08]} f6 {[%emt 0:03:12]} 15. Nd3 {[%emt 0:00:44]} Nb5 {[%emt 0:06:09]} 16. Nf4 {[%emt 0:02:30]} Nc7 {[%emt 0:00:11]} 17. Bd3 {[%emt 0:03:18]} b6 {[%emt 0:06:18]} 18. Rhe1 {[%emt 0:00:33]} Rf7 {[%emt 0:04:00]} 19. c4 {[%emt 0:05:14]} g6 {[%emt 0:01:29]} 20. Kb1 {[%emt 0:00:46]} Kf8 {[%emt 0:01:21]} 21. c5 {[%emt 0:00:28]} bxc5 {[%emt 0:01:27]} 22. Nxc5 {[%emt 0:00:11]} a5 {[%emt 0:01:39]} 23. Bc2 {[%emt 0:02:44]} Rb8 {[%emt 0:01:04]} 24. Bb3 {[%emt 0:02:56]} Bf5+ {[%emt 0:01:25]} 25. Ka1 {[%emt 0:00:10]} Rb5 {[%emt 0:00:29]} 26. Rc1 {[%emt 0:04:08]} g5 {[%emt 0:00:45]} 27. Ne2 {[%emt 0:00:26]} Nc6 {[%emt 0:01:28]} 28. Ba4 {[%emt 0:00:24]} Rxc5 {[%emt 0:00:43]} 29. Rxc5 {[%emt 0:00:11]} Nb4 {[%emt 0:00:23]} 30. Rec1 {[%emt 0:02:58]} Ne6 {[%emt 0:01:15]} 31. Rxa5 {[%emt 0:00:50]} Bd3 {[%emt 0:00:06]} 32. Rc8+ {[%emt 0:00:57]} Kg7 {[%emt 0:00:04]} 33. Nc1 {[%emt 0:00:09]} Bf1 {[%emt 0:00:10]} 34. a3 {[%emt 0:00:19]} Nd3 {[%emt 0:00:08]} 35. Nxd3 {[%emt 0:00:10]} Bxd3 {[%emt 0:00:03]} 36. Rxd5 {[%emt 0:00:22]} Nf4 {[%emt 0:00:06]} 37. Rd7 {[%emt 0:00:43]} Rxd7 {[%emt 0:00:12]} 38. Bxd7 {[%emt 0:00:09]} Nxg2 {[%emt 0:00:02]} 39. Be6 {[%emt 0:01:35]} Nf4 {[%emt 0:00:11]} 40. Bc4 {[%emt 0:00:12]} Be4 {[%emt 0:00:16]} 41. Rg8+ {[%emt 0:30:25]} Kh6 {[%emt 0:30:03]} 42. a4 {[%emt 0:00:12]} Nh3 {[%emt 0:00:11]} 43. a5 {[%emt 0:00:40]} Nxf2 {[%emt 0:00:04]} 44. a6 {[%emt 0:00:09]} Ng4 {[%emt 0:00:24]} 45. h3 {[%emt 0:00:26]} Nf2 {[%emt 0:00:08]} 46. Be6 {[%emt 0:00:08]} f5 {[%emt 0:00:15]} 47. a7 {[%emt 0:00:06]} f4 {[%emt 0:00:30]} 48. a8=Q {[%emt 0:00:49]} Bxa8 {[%emt 0:00:04]} 49. Rxa8 {[%emt 0:00:09]} Kh5 {[%emt 0:01:19]} 50. b4 {[%emt 0:01:07]} Kh4 {[%emt 0:01:07]} 51. Ra3 {[%emt 0:00:09]} h5 {[%emt 0:02:57]} 52. b5 {[%emt 0:00:14]} Ne4 {[%emt 0:00:12]} 53. b6 {[%emt 0:00:45]} Nd6 {[%emt 0:00:12]} 54. Bd5 {[%emt 0:00:16]} g4 {[%emt 0:00:07]} 55. hxg4 {[%emt 0:00:06]} hxg4 {[%emt 0:00:09]} 56. b7 {[%emt 0:00:11]} Nxb7 {[%emt 0:00:18]} 57. Bxb7 {[%emt 0:00:08]} f3 {[%emt 0:00:10]} 58. Bxf3 {[%emt 0:00:07]} gxf3 {[%emt 0:00:03]} 59. Rxf3 {[%emt 0:00:08]} 1-0

[Event "106th British-ch 2019"]
[Site "Torquay"]
[Date "2019.07.28"]
[Round "2.21"]
[White "Krzyzanowski, Patryk"]
[Black "Rudd, Jack"]
[Result "0-1"]
[WhiteElo "2114"]
[BlackElo "2275"]
[Annotator "TA"]
[PlyCount "78"]
[EventDate "2019.07.27"]
[EventType "swiss"]
[EventCountry "GBR"]
[SourceTitle "playchess.com"]
[Source "ChessBase"]
[SourceQuality "1"]

{[%evp 18,78,53,51,47,47,76,56,48,54,62,42,54,37,67,18,37,33,41,35,26,24,46,9,20,17,19,0,0,0,0,-13,0,-1,0,0,0,0,0,0,40,55,67,48,47,-33,0,0,-1,-28,-19,-163,-136,-163,-121,-137,-137,-262,-498,-1578,-1530,-29993,-29994]} 1. c4 e6 2. Nf3 c5 3. g3 b6 4. Bg2 Bb7 5. O-O Nf6 6. Nc3 Be7 7. b3 O-O 8. Bb2 Nc6 9. d4 cxd4 10. Nxd4 Qc8 {A30: Symmetrical English: Double Fianchetto and Hedgehog} (10... a6 11. Rc1 Rc8 12. Qd2 Nxd4 13. Bxb7 Rc7 14. Bxa6 e5 15. Nb5 Nxb5 16. Bxb5 d6 17. a4 Qa8 18. Rfd1 {½-½ (39) Gritsak,O (2497)-Grekh,A (2395) Lutsk 2017}) 11. e4 d6 12. Rc1 Nxd4 $146 {White is slightly better.} ({Predecessor:} 12... Rd8 13. Nd5 Qd7 14. Nxc6 Bxc6 15. Nxf6+ Bxf6 16. Bxf6 gxf6 {1-0 (31) Iturrizaga Bonelli,E (2309)-Alvarez Gonzalo,M (2073) Bogota 2006}) 13. Qxd4 Rd8 14. Kh1 Qc5 15. Qd2 Rac8 16. h3 Qc7 17. Kh2 Qb8 18. f4 a6 19. Qe2 Nd7 20. Nd1 Bc6 21. f5 {Strongly threatening fxe6.} e5 22. Nc3 b5 23. cxb5 axb5 24. Rfd1 Nf6 25. b4 Qb7 26. a3 Be8 27. g4 {Black must now prevent g5.} h6 28. h4 Rc4 29. g5 hxg5 30. hxg5 Nh7 31. g6 (31. f6 $1 $14 gxf6 32. gxf6 Nxf6 33. Rf1) 31... fxg6 32. fxg6 Bxg6 {[#]} 33. Nxb5 $1 {[%mdl 512]} Rxc1 (33... Qxb5 34. Qxc4+) 34. Rxc1 (34. Bxc1 $11 {and White has nothing to worry.} Nf6 35. Nc3) 34... Bg5 $19 35. Rc7 Bf4+ 36. Kh1 Qb6 37. Qc4+ {[#]} (37. a4 $17 Be8 38. Rc3 (38. Qg4 Ng5 $17)) 37... d5 $1 {[%cal Rd5c4][%mdl 512]} 38. exd5 (38. Qc5 $142 Qe6 39. Qe7 Qxe7 40. Rxe7 dxe4 41. Nc3) 38... Qf2 {( -> ...Qh4+)} 39. Qc3 {[#]} Be4 $1 {[%mdl 512] Accuracy: White = 41%, Black = 59%.} 0-1

[Event "106th British-ch 2019"]
[Site "Torquay"]
[Date "2019.07.28"]
[Round "2.22"]
[White "Moore, Graham J"]
[Black "Jones, Steven A"]
[Result "0-1"]
[WhiteElo "2264"]
[BlackElo "2117"]
[Annotator "TA"]
[PlyCount "22"]
[EventDate "2019.07.27"]
[EventType "swiss"]
[EventCountry "GBR"]
[SourceTitle "playchess.com"]
[Source "ChessBase"]
[SourceQuality "1"]

{[%evp 12,132,16,16,9,-8,0,-20,30,30,38,26,60,-13,4,14,0,0,2,-19,0,0,0,-29,-33,-62,-52,-61,-52,-48,70,70,101,101,119,48,101,92,94,101,85,62,63,49,50,45,55,46,39,31,53,21,27,16,38,8,14,0,0,0,14,0,0,0,0,-14,0,0,0,-36,-36,-61,-38,-56,-50,-74,0,-143,-158,-158,-180,-198,-196,-383,-392,-390,-389,-714,-706,-687,-680,-633,-622,-929,-986,-978,-987,-968,-956,-929,-916,-1060,-1085,-1085,-1077,-1077,-1077,-1061,-1046,-1269,-1561,-1133,-1133,-6133,-4868,-1035,-953,-29970,-29970,-29969,-29970,-29984,-29985]} 1. e4 e5 2. Nf3 Nc6 3. d4 exd4 4. Nxd4 Bc5 5. Nb3 Bb6 6. Nc3 d6 7. Qe2 a5 {C45: Scotch Game} 8. a4 Nb4 9. Nb5 $146 ({Predecessor:} 9. Bf4 Qf6 10. Qd2 Ne7 11. O-O-O Ng6 12. Be3 Bxe3 13. Qxe3 O-O 14. g3 Bg4 15. Be2 Bxe2 16. Qxe2 {½-½ (41) Sethuraman,S (2657)-Melkumyan,H (2662) Yerevan 2018}) 9... Qh4 {The position is equal.} 10. g3 Qf6 {White must now prevent ...Bg4!} 11. Bg2 Nh6 {Played: Bc8-g4} 0-1

[Event "106th British-ch 2019"]
[Site "Torquay"]
[Date "2019.07.28"]
[Round "2.23"]
[White "Wall, Tim P"]
[Black "Modi, Shyam Jagdish"]
[Result "0-1"]
[WhiteElo "2246"]
[BlackElo "2098"]
[Annotator "NA"]
[PlyCount "60"]
[EventDate "2019.07.27"]
[EventType "swiss"]
[EventCountry "GBR"]
[SourceTitle "playchess.com"]
[Source "ChessBase"]
[SourceQuality "1"]
[TimeControl "40/5400+30:1800+30"]

1. d4 {[%emt 0:13:32]} Nf6 {[%emt 0:00:00]} 2. Nf3 {[%emt 0:00:21]} g6 {[%emt 0:01:11]} 3. g3 {[%emt 0:00:35]} Bg7 {[%emt 0:00:07]} 4. Bg2 {[%emt 0:00:09]} O-O {[%emt 0:00:16]} 5. O-O {[%emt 0:00:14]} d6 {[%emt 0:00:17]} 6. b3 {[%emt 0:00:27]} Nbd7 {[%emt 0:01:35]} 7. Bb2 {[%emt 0:01:03]} e5 {[%emt 0:00:52]} 8. dxe5 {[%emt 0:00:28]} Ng4 {[%emt 0:00:06]} 9. Qc1 {[%emt 0:00:45]} Ngxe5 {[%emt 0:06:45]} 10. c4 Nxf3+ {[%emt 0:08:31]} 11. Bxf3 {[%emt 0:02:08]} Ne5 {[%emt 0:06:34]} 12. Bg2 {[%emt 0:03:59]} f5 {[%emt 0:05:09]} 13. Nc3 {[%emt 0:01:58]} f4 {[%emt 0:21:06]} 14. gxf4 {[%emt 0:06:48]} Bh6 {[%emt 0:18:15]} 15. Nd5 {[%emt 0:12:11]} Qh4 16. Qc3 {[%emt 0:00:30]} Bxf4 {[%emt 0:09:50]} 17. Nxf4 {[%emt 0:01:10]} Rxf4 {[%emt 0:00:45]} 18. Bc1 {[%emt 0:09:29]} Rf5 {[%emt 0:05:49]} 19. f4 {[%emt 0:13:44]} Ng4 {[%emt 0:02:10]} 20. h3 {[%emt 0:00:09]} Nf6 {[%emt 0:01:18]} 21. Bb2 {[%emt 0:01:14]} Kf7 {[%emt 0:04:34]} 22. e4 {[%emt 0:03:15]} Rh5 {[%emt 0:00:30]} 23. e5 {[%emt 0:02:27]} Ne8 {[%emt 0:01:20]} 24. Rf3 {[%emt 0:12:15]} Bd7 {[%emt 0:04:18]} 25. Re1 {[%emt 0:05:05]} Rf5 {[%emt 0:00:18]} 26. exd6 {[%emt 0:02:58]} cxd6 {[%emt 0:00:50]} 27. Rfe3 {[%emt 0:00:13]} Qf6 {[%emt 0:00:28]} 28. Qd2 {[%emt 0:02:01]} Qh4 {[%emt 0:00:30]} 29. Qd5+ {[%emt 0:02:23]} Rxd5 {[%emt 0:00:18]} 30. Bxd5+ {[%emt 0:00:20]} Kf8 {[%emt 0:00:11]} 0-1

[Event "106th British-ch 2019"]
[Site "Torquay"]
[Date "2019.07.28"]
[Round "2.24"]
[White "Longson, Sarah N"]
[Black "Toma, Katarzyna"]
[Result "0-1"]
[WhiteElo "2095"]
[BlackElo "2229"]
[Annotator "NA"]
[PlyCount "78"]
[EventDate "2019.07.27"]
[EventType "swiss"]
[EventCountry "GBR"]
[SourceTitle "playchess.com"]
[Source "ChessBase"]
[SourceQuality "1"]
[TimeControl "40/5400+30:1800+30"]

1. e4 {[%emt 0:00:00]} c5 {[%emt 0:00:00]} 2. Nf3 {[%emt 0:00:00]} e6 {[%emt 0:00:00]} 3. g3 {[%emt 0:00:28]} Nc6 {[%emt 0:00:29]} 4. Bg2 {[%emt 0:00:31]} Nf6 {[%emt 0:00:50]} 5. Qe2 {[%emt 0:02:01]} e5 {[%emt 0:03:02]} 6. c3 {[%emt 0:01:44]} Be7 {[%emt 0:00:24]} 7. a4 {[%emt 0:03:05]} O-O {[%emt 0:05:32]} 8. Na3 {[%emt 0:01:37]} d5 {[%emt 0:03:38]} 9. exd5 {[%emt 0:01:27]} Qxd5 {[%emt 0:00:08]} 10. Qc4 {[%emt 0:34:27]} Qd8 {[%emt 0:08:34]} 11. O-O {[%emt 0:04:17]} Bf5 {[%emt 0:03:12]} 12. Re1 {[%emt 0:10:05]} Na5 {[%emt 0:06:25]} 13. Qa2 {[%emt 0:02:22]} e4 {[%emt 0:11:08]} 14. Ng5 {[%emt 0:02:21]} Qd3 {[%emt 0:09:59]} 15. Re3 {[%emt 0:04:16]} Qd5 {[%emt 0:00:37]} 16. Nxe4 {[%emt 0:08:24]} Qxa2 {[%emt 0:05:13]} 17. Nxf6+ {[%emt 0:01:58]} Bxf6 {[%emt 0:00:05]} 18. Rxa2 {[%emt 0:00:05]} Nb3 {[%emt 0:00:07]} 19. Re1 {[%emt 0:02:06]} Rfe8 {[%emt 0:00:16]} 20. Rd1 {[%emt 0:00:21]} Rad8 {[%emt 0:02:10]} 21. Bxb7 {[%emt 0:03:36]} Re7 {[%emt 0:00:40]} 22. Bf3 {[%emt 0:01:18]} Rde8 {[%emt 0:01:07]} 23. Kg2 {[%emt 0:04:15]} Re1 {[%emt 0:00:36]} 24. d4 {[%emt 0:02:42]} Rxd1 {[%emt 0:03:51]} 25. Bxd1 {[%emt 0:00:05]} Nxc1 {[%emt 0:00:06]} 26. Ra1 {[%emt 0:00:04]} Nd3 {[%emt 0:00:05]} 27. Bc2 {[%emt 0:02:47]} cxd4 {[%emt 0:00:47]} 28. Bxd3 {[%emt 0:01:00]} Bxd3 {[%emt 0:00:20]} 29. cxd4 {[%emt 0:00:26]} Be4+ {[%emt 0:00:51]} 30. f3 {[%emt 0:00:52]} Bc6 {[%emt 0:00:25]} 31. Nc4 {[%emt 0:02:00]} Bxd4 {[%emt 0:02:03]} 32. Rd1 {[%emt 0:00:46]} Bc5 {[%emt 0:00:14]} 33. b3 {[%emt 0:00:32]} Re2+ {[%emt 0:04:04]} 34. Kf1 {[%emt 0:00:54]} Rf2+ {[%emt 0:01:45]} 35. Ke1 {[%emt 0:00:11]} Rxf3 {[%emt 0:00:07]} 36. Rd8+ {[%emt 0:00:37]} Bf8 {[%emt 0:00:05]} 37. Na5 {[%emt 0:02:19]} Rf6 {[%emt 0:01:15]} 38. Rc8 {[%emt 0:00:56]} Bd5 {[%emt 0:00:14]} 39. b4 {[%emt 0:00:18]} g6 {[%emt 0:00:49]} 0-1

[Event "106th British-ch 2019"]
[Site "Torquay"]
[Date "2019.07.28"]
[Round "2.25"]
[White "Merriman, John"]
[Black "Donaldson, Thomas"]
[Result "1-0"]
[WhiteElo "2226"]
[BlackElo "2065"]
[Annotator "NA"]
[PlyCount "63"]
[EventDate "2019.07.27"]
[EventType "swiss"]
[EventCountry "GBR"]
[SourceTitle "playchess.com"]
[Source "ChessBase"]
[SourceQuality "1"]
[TimeControl "40/5400+30:1800+30"]

1. d4 {[%emt 0:00:00]} Nf6 {[%emt 0:00:00]} 2. c4 {[%emt 0:00:00]} g6 {[%emt 0:00:00]} 3. Nc3 {[%emt 0:00:00]} Bg7 {[%emt 0:00:00]} 4. e4 {[%emt 0:00:00]} d6 {[%emt 0:00:00]} 5. Nge2 {[%emt 0:00:27]} O-O {[%emt 0:00:11]} 6. Ng3 {[%emt 0:00:13]} c5 {[%emt 0:01:20]} 7. d5 {[%emt 0:00:20]} e6 {[%emt 0:00:28]} 8. Be2 {[%emt 0:00:20]} exd5 {[%emt 0:00:13]} 9. cxd5 {[%emt 0:00:19]} a6 {[%emt 0:00:22]} 10. a4 {[%emt 0:00:15]} h5 {[%emt 0:03:21]} 11. Bg5 {[%emt 0:02:41]} Qc7 {[%emt 0:01:43]} 12. Qd2 {[%emt 0:07:12]} Nbd7 {[%emt 0:02:15]} 13. O-O {[%emt 0:02:47]} Nh7 {[%emt 0:02:44]} 14. Bh6 {[%emt 0:02:22]} h4 {[%emt 0:03:26]} 15. Nh1 {[%emt 0:00:57]} Ne5 {[%emt 0:11:16]} 16. Bxg7 {[%emt 0:02:39]} Kxg7 {[%emt 0:00:16]} 17. f4 {[%emt 0:01:16]} Ng4 {[%emt 0:00:06]} 18. Bxg4 {[%emt 0:14:59]} Bxg4 {[%emt 0:00:07]} 19. Nf2 {[%emt 0:02:25]} Bd7 {[%emt 0:02:40]} 20. e5 {[%emt 0:01:13]} b5 {[%emt 0:01:33]} 21. exd6 {[%emt 0:05:29]} Qb6 {[%emt 0:00:45]} 22. a5 {[%emt 0:06:41]} Qxd6 {[%emt 0:02:09]} 23. Nce4 {[%emt 0:00:29]} Qc7 {[%emt 0:00:16]} 24. Qc3+ {[%emt 0:02:07]} Kg8 {[%emt 0:00:14]} 25. Nxc5 {[%emt 0:02:31]} Rfc8 {[%emt 0:02:50]} 26. b4 {[%emt 0:05:18]} Qxf4 {[%emt 0:02:53]} 27. Nfe4 {[%emt 0:00:17]} Qg4 {[%emt 0:01:19]} 28. h3 {[%emt 0:07:20]} Qh5 {[%emt 0:01:05]} 29. Nd6 {[%emt 0:03:46]} Qxd5 {[%emt 0:08:00]} 30. Rxf7 {[%emt 0:07:21]} Qxf7 {[%emt 0:00:53]} 31. Nxf7 {[%emt 0:00:05]} Kxf7 {[%emt 0:00:07]} 32. Qb3+ {[%emt 0:00:18]} 1-0